| 000 | 00561 a2200169 4500 | ||
|---|---|---|---|
| 999 |
_c7680 _d7680 |
||
| 010 | _aENG-88126 | ||
| 020 |
_a8173421625 _c350.00 |
||
| 035 | _aEN-71659 | ||
| 037 | _bDBAD / PUB | ||
| 082 | 1 | 4 | _a475.00 |
| 100 | 1 | _aRamanarasimham | |
| 245 | 1 |
_aAn intensive course in Telugu / _cby Ramanarasimham |
|
| 260 |
_aMysore _bCentral Institute of Indian Language _c2006 (repr.) |
||
| 270 |
_aDirectror, Central Institute of Indian Language, Manasagangotri _bMysore _e570 006 |
||
| 300 |
_axxxvi, 854 p. _c24 cm (Hb) |
||
| 942 |
_adpl _cEN _2ddc _h475 _mRAM |
||